书目信息 |
| 题名: |
虾青素的开发与利用研究
|
|
| 作者: | 熊华斌 著 | |
| 分册: | ||
| 出版信息: | 北京 科学出版社 2021.3 |
|
| 页数: | 150页 | |
| 开本: | 24cm | |
| 丛书名: | ||
| 单 册: | ||
| 中图分类: | Q586 | |
| 科图分类: | ||
| 主题词: | 虾青素--研究 | |
| 电子资源: | ||
| ISBN: | 978-7-03-067856-0 | |
| 000 | 01006nam0 2200241 450 | |
| 001 | 010515890 | |
| 005 | 20210706155035.0 | |
| 010 | @a978-7-03-067856-0@dCNY98.00 | |
| 049 | @aA340000AHL@bUCS01010515890@c1900842315 | |
| 100 | @a20210630d2021 em y0chiy0110 ea | |
| 101 | 0 | @achi |
| 102 | @aCN@b110000 | |
| 105 | @aa z 000yy | |
| 106 | @ar | |
| 200 | 1 | @a虾青素的开发与利用研究@9xia qing su de kai fa yu li yong yan jiu@b专著@f熊华斌著 |
| 210 | @a北京@c科学出版社@d2021.3 | |
| 215 | @a150页@c图@d24cm | |
| 330 | @a本书在对虾青素的来源和结构分析的基础上,对其功能、规模化培养、提取工艺和质量控制等方面进行了阐述,并结合虾青素的应用前景对虾青素的开发和利用现状进行了分析,为读者从科学的角度认识虾青素的来源和功能提供参考,也为科研人员和企业进一步开发虾青素潜在的应用价值提供一个平台,使虾青素能更好地为人们的生活、健康和社会经济发展提供支撑。 | |
| 606 | 0 | @a虾青素@x研究 |
| 690 | @aQ586@v5 | |
| 701 | 0 | @a熊华斌@9xiong hua bin@4著 |
| 801 | 0 | @aCN@b人天书店@c20210706 |
| 905 | @aTSG@dQ586@eX638@f1 | |
| 虾青素的开发与利用研究/熊华斌著.-北京:科学出版社,2021.3 |
| 150页:图;24cm |
| ISBN 978-7-03-067856-0:CNY98.00 |
| 本书在对虾青素的来源和结构分析的基础上,对其功能、规模化培养、提取工艺和质量控制等方面进行了阐述,并结合虾青素的应用前景对虾青素的开发和利用现状进行了分析,为读者从科学的角度认识虾青素的来源和功能提供参考,也为科研人员和企业进一步开发虾青素潜在的应用价值提供一个平台,使虾青素能更好地为人们的生活、健康和社会经济发展提供支撑。 |
| ● |
| 相关链接 |
|
|
|
正题名:虾青素的开发与利用研究
索取号:Q586/X638
 
预约/预借
| 序号 | 登录号 | 条形码 | 馆藏地/架位号 | 状态 | 备注 |
| 1 | 1534837 | 215348372 | 自科库401/401自科库 30排2列2层/ [索取号:Q586/X638] | 在馆 |